000 00537nam a2200181Ia 4500
003 OSt
005 20251230122406.0
008 210210b1959 xxu||||| |||| 00| 0 eng d
040 _cAL
041 _aKannada
082 _a859/2146
100 _aSITARAMA SHASTRI (M V)
_9158266
_dಸೀತಾರಾಮ ಶಾಸ್ತ್ರಿ
245 _aJivanada jotegati:
_bಜೀವನದ ಜೊತೆಗಾತಿ
260 _aBengaluru
_bSharada Prakatanalaya
_c1959
690 _aKannada Fiction
_9158267
906 _a022859
942 _2ddc
_cBK
999 _c147555
_d147555